000 00659nam a2200289Ia 4500
005 20260324134923.0
008 008 260324s9999 xx 000 0 eng d
020 _a9781315038575
037 _aEBOOK
040 _aCRL
040 _beng
040 _cCRL
041 _2eng
041 _aeng
084 _qCRL
100 _aJohn Gooch
_91198653
245 4 _aThe Boer War
245 0 _bDirection, Experience and Image
260 _bTaylor and Francis
260 _c2001
365 _a
365 _b240
856 _uhttp://www.taylorfrancis.com/books/9781315038575
942 _cEBOOK
999 _c1799217
_d1799217